000 01203cam a2200313 ia4500
001 2249355
003 EG-ScBUE
005 20250526105757.0
008 770802t1978 flua f b 001 0 eng d
020 _a0123747015 (volume 1)
020 _a0123747023 (volume 2)
040 _aEG-ScBUE
_beng
_erda
_cEG-ScBUE
_dEG-ScBUE
082 0 4 _222
_a531.1133
_bISH
100 1 _aIshimaru, Akira,
_d1928-
_eauthor.
245 1 0 _aWave propagation and scattering in random media /
_cAkira Ishimaru, Department of Electrical Engineering, University of Washington, Seattle, Washington.
264 1 _aOrlando, Florida :
_bAcademic Press, INC.,
_c[1978]
264 4 _cc1978
300 _a2 volumes :
_billustrations ;
_c24 cm
336 _2rdacontent
_atext
_btxt
337 _aunmediated
_2rdamedia
_bn
338 _avolume
_bnc
_2rdacarrier
504 _aIncludes bibliographical references and index.
505 0 _aVolume 1. Single scattering and transport theory -- Volume 2. Multiple scattering, turbulence, rough surfaces, and remote sensing.
650 7 _aWaves.
_2BUEsh
_97156
650 7 _aScattering (Physics)
_2BUEsh
653 _bENGGEN
_cApril2017
655 _vReading book
_934232
942 _2ddc
_cBB
999 _c24677
_d24649